<?xml version="1.0" encoding="UTF-8"?>
<collection xmlns="http://www.loc.gov/MARC21/slim">
 <record>
  <leader>02193caa a2200385 c 4500</leader>
  <controlfield tag="001">1928885195</controlfield>
  <controlfield tag="003">DE-627</controlfield>
  <controlfield tag="005">20250913141658.0</controlfield>
  <controlfield tag="007">cr uuu---uuuuu</controlfield>
  <controlfield tag="008">250623s2010    xx |||||oo    00| ||spa c</controlfield>
  <datafield tag="024" ind1="7" ind2=" ">
   <subfield code="a">10.24310/BoLArte.2010.v0i30-31.4405</subfield>
   <subfield code="2">doi</subfield>
  </datafield>
  <datafield tag="035" ind1=" " ind2=" ">
   <subfield code="a">(DE-627)1928885195</subfield>
  </datafield>
  <datafield tag="035" ind1=" " ind2=" ">
   <subfield code="a">(DE-599)KXP1928885195</subfield>
  </datafield>
  <datafield tag="040" ind1=" " ind2=" ">
   <subfield code="a">DE-627</subfield>
   <subfield code="b">ger</subfield>
   <subfield code="c">DE-627</subfield>
   <subfield code="e">rda</subfield>
  </datafield>
  <datafield tag="041" ind1=" " ind2=" ">
   <subfield code="a">spa</subfield>
  </datafield>
  <datafield tag="084" ind1=" " ind2=" ">
   <subfield code="a">KUNST</subfield>
   <subfield code="q">DE-16</subfield>
   <subfield code="2">fid</subfield>
  </datafield>
  <datafield tag="100" ind1="1" ind2=" ">
   <subfield code="a">Sánchez López, Juan Antonio</subfield>
   <subfield code="d">1967-</subfield>
   <subfield code="e">VerfasserIn</subfield>
   <subfield code="0">(DE-588)1057338400</subfield>
   <subfield code="0">(DE-627)79584851X</subfield>
   <subfield code="0">(DE-576)413522253</subfield>
   <subfield code="4">aut</subfield>
  </datafield>
  <datafield tag="245" ind1="1" ind2="0">
   <subfield code="a">[Rezension von: Framcosca Torres Aguilar, El cartel de la Semana Santa de Málaga (1980-2008)]</subfield>
   <subfield code="c">Juan Antonio Sánchez López</subfield>
  </datafield>
  <datafield tag="264" ind1=" " ind2="1">
   <subfield code="c">2010</subfield>
  </datafield>
  <datafield tag="300" ind1=" " ind2=" ">
   <subfield code="b">Illustrationen</subfield>
  </datafield>
  <datafield tag="336" ind1=" " ind2=" ">
   <subfield code="a">Text</subfield>
   <subfield code="b">txt</subfield>
   <subfield code="2">rdacontent</subfield>
  </datafield>
  <datafield tag="337" ind1=" " ind2=" ">
   <subfield code="a">Computermedien</subfield>
   <subfield code="b">c</subfield>
   <subfield code="2">rdamedia</subfield>
  </datafield>
  <datafield tag="338" ind1=" " ind2=" ">
   <subfield code="a">Online-Ressource</subfield>
   <subfield code="b">cr</subfield>
   <subfield code="2">rdacarrier</subfield>
  </datafield>
  <datafield tag="520" ind1=" " ind2=" ">
   <subfield code="a">Para bien o para mal, la Semana Santa y todos los aspectos relacionados con ella forman parte, de manera indisoluble, de la idiosincrasia y modus vivendi de Andalucía y, singularmente, de la ciudad de Málaga.</subfield>
  </datafield>
  <datafield tag="655" ind1=" " ind2="7">
   <subfield code="a">Rezension</subfield>
   <subfield code="0">(DE-588)4049712-4</subfield>
   <subfield code="0">(DE-627)106186019</subfield>
   <subfield code="0">(DE-576)209083166</subfield>
   <subfield code="2">gnd-content</subfield>
  </datafield>
  <datafield tag="773" ind1="0" ind2="8">
   <subfield code="i">Enthalten in</subfield>
   <subfield code="t">Boletin de arte</subfield>
   <subfield code="d">Malaga : [Verlag nicht ermittelbar], 1980</subfield>
   <subfield code="g">30/31(2010), Seite 663-666</subfield>
   <subfield code="w">(DE-627)805401458</subfield>
   <subfield code="w">(DE-600)2800739-6</subfield>
   <subfield code="w">(DE-576)420019847</subfield>
   <subfield code="x">2695-415X</subfield>
   <subfield code="7">nnas</subfield>
  </datafield>
  <datafield tag="773" ind1="1" ind2="8">
   <subfield code="g">volume:30/31</subfield>
   <subfield code="g">year:2010</subfield>
   <subfield code="g">pages:663-666</subfield>
  </datafield>
  <datafield tag="787" ind1="0" ind2="8">
   <subfield code="i">Rezension von</subfield>
   <subfield code="a">Torres Aguilar, Francisca</subfield>
   <subfield code="t">El cartel de la Semana Santa de Málaga, 1980 - 2008</subfield>
   <subfield code="d">Málaga : Universidad de Málaga, 2008</subfield>
   <subfield code="h">340 p</subfield>
   <subfield code="w">(DE-627)593395360</subfield>
   <subfield code="z">9788497472647</subfield>
  </datafield>
  <datafield tag="856" ind1="4" ind2="0">
   <subfield code="u">https://doi.org/10.24310/BoLArte.2010.v0i30-31.4405</subfield>
   <subfield code="x">Verlag</subfield>
   <subfield code="x">Resolving-System</subfield>
   <subfield code="z">kostenfrei</subfield>
   <subfield code="3">Volltext</subfield>
   <subfield code="7">0</subfield>
  </datafield>
  <datafield tag="856" ind1="4" ind2="0">
   <subfield code="u">https://revistas.uma.es/index.php/boletin-de-arte/article/view/4405</subfield>
   <subfield code="x">Verlag</subfield>
   <subfield code="z">kostenfrei</subfield>
   <subfield code="3">Volltext</subfield>
   <subfield code="7">0</subfield>
  </datafield>
  <datafield tag="951" ind1=" " ind2=" ">
   <subfield code="a">AR</subfield>
  </datafield>
  <datafield tag="994" ind1=" " ind2=" ">
   <subfield code="u">https://revistas.uma.es/index.php/boletin-de-arte/es/article/download/4405/4116/14455</subfield>
  </datafield>
  <datafield tag="994" ind1=" " ind2=" ">
   <subfield code="u">https://revistas.uma.es/index.php/boletin-de-arte/es/article/download/4405/4116/14455</subfield>
  </datafield>
  <datafield tag="991" ind1=" " ind2=" ">
   <subfield code="a">Rezension (Monographie, Zeitschrift, Aufsatz)</subfield>
  </datafield>
  <datafield tag="999" ind1=" " ind2=" ">
   <subfield code="a">KXP-PPN1928885195</subfield>
   <subfield code="e">4928355458</subfield>
  </datafield>
 </record>
</collection>
